| 000 | 00639nam a2200193 a 4500 | ||
|---|---|---|---|
| 001 | 1291 | ||
| 003 | CDMR | ||
| 005 | 20131001103105.0 | ||
| 008 | 130130s1990||||||||||||||||||||||||||||d | ||
| 040 |
_aCDMR _bcat _cCDMR |
||
| 100 | 1 |
_aWatson, Robert _91006 |
|
| 245 | 1 | 0 |
_aFilm and television in education _b: an aesthetic approach to the moving image _cRobert Watson |
| 260 |
_aLondon _c1990 _bThe Falmer Press |
||
| 300 |
_a180 p ; _c24 cm |
||
| 490 | 0 | _aFalmer Press library on aesthetic education | |
| 650 | 0 | 4 |
_92782 _aTelevisió en l'ensenyament _zRegne Unit |
| 650 | 0 | 4 |
_93081 _aMitjans de comunicació de massa i educació |
| 942 |
_cMON _2udc |
||
| 999 |
_c1291 _d1291 |
||